| 000 | 00535nab a2200205 a 4500 | ||
|---|---|---|---|
| 005 | 20210219160809.0 | ||
| 008 | 991125s1985 mx 000 0 spa u | ||
| 035 | _aUPN01000172915 | ||
| 100 | 1 | _aVázquez Cuaxiloa, Noemí Lizett | |
| 222 | _aROMPAN FILAS | ||
| 245 | _a¿ Tenemos la capacidad de vivir en sociedad ? | ||
| 260 | _aMéxico | ||
| 300 | _a3-11 | ||
| 362 | 0 | _a2009 Año 18, no. 100, may.-jun. | |
| 653 | 0 | _aVALORES MORALES | |
| 653 | 0 | _aCIVISMO | |
| 653 | 0 | _aFAMILIA | |
| 653 | 0 | _aSOCIEDAD | |
| 905 | _aArticulo | ||
| 999 |
_c145019 _d145019 |
||